| 000 | 00881cam a22002655a 4500 | ||
|---|---|---|---|
| 001 | 017655482 | ||
| 003 | OSt | ||
| 005 | 20161115112516.0 | ||
| 008 | 151130t2016 si a frb 000 0 eng d | ||
| 020 | _a9789811000225 | ||
| 040 |
_aStDuBDS _beng _cStDuBDS _dEG-ScBUE |
||
| 082 | 0 | 4 |
_a621.382 _222 _bXUU |
| 100 | 1 | _aXu, Yuhua. | |
| 245 | 1 | 0 |
_aGame-theoretic interference coordination approaches for dynamic spectrum access / _cYuhua Xu, Alagan Anpalagan. |
| 260 |
_aSingapore : _bSpringer, _cc.2016. |
||
| 300 |
_axi, 93 p. : _bill. ; _c24 cm. |
||
| 490 | 0 | _aSpringerBriefs in electrical and computer engineering | |
| 504 | _aIncludes bibliographical references. | ||
| 650 | 0 |
_aCognitive radio networks _xStatistical methods. _2BUEsh |
|
| 650 | 7 |
_aGame theory. _2BUEsh _93340 |
|
| 651 | _2BUEsh | ||
| 653 |
_bCOMSCI _cNovember2016 |
||
| 700 | 1 | _aAnpalagan, Alagan, | |
| 942 | _2ddc | ||
| 999 |
_c23136 _d23108 |
||